000 00390nam a2200157Ia 4500
008 230711s9999||||xx |||||||||||||| ||und||
041 _aENG
082 _a800
_bEV-A
100 _aEvans,I for
245 0 _aShort history of english Literature
250 _a1st
260 _c1986
_aNew Delhi
_bPrentice-Hall of India Private Limited
300 _a400
650 _aLiterature
942 _cBK
999 _c1982
_d1982